Handbook of electric motors / (Record no. 566493)

000 -LEADER
fixed length control field 01249cam a22003375a 4500
001 - CONTROL NUMBER
control field 13781819
003 - CONTROL NUMBER IDENTIFIER
control field CEME
005 - DATE AND TIME OF LATEST TRANSACTION
control field 20210628201546.0
008 - FIXED-LENGTH DATA ELEMENTS--GENERAL INFORMATION
fixed length control field 041115s2004 nyua bf 001 0 eng c
010 ## - LIBRARY OF CONGRESS CONTROL NUMBER
LC control number 2004275319
015 ## - NATIONAL BIBLIOGRAPHY NUMBER
National bibliography number GBA3-U6684
016 7# - NATIONAL BIBLIOGRAPHIC AGENCY CONTROL NUMBER
Record control number 012925929
Source Uk
020 ## - INTERNATIONAL STANDARD BOOK NUMBER
International Standard Book Number 0824741056 (acidfree paper)
035 ## - SYSTEM CONTROL NUMBER
System control number (OCoLC)ocm53030053
040 ## - CATALOGING SOURCE
Original cataloging agency UKM
Transcribing agency UKM
Modifying agency OCLCQ
-- IXA
-- UMC
-- DLC
042 ## - AUTHENTICATION CODE
Authentication code pcc
050 00 - LIBRARY OF CONGRESS CALL NUMBER
Classification number TK2514
Item number .H26 2004
100 ## - MAIN ENTRY--PERSONAL NAME
Personal name Toliyat, Hamid A.
9 (RLIN) 55836
245 00 - TITLE STATEMENT
Title Handbook of electric motors /
Statement of responsibility, etc. edited by Hamid A. Toliyat, Gerald B. Kliman.
250 ## - EDITION STATEMENT
Edition statement 2nd ed., rev. and exp.
260 ## - PUBLICATION, DISTRIBUTION, ETC.
Place of publication, distribution, etc. New York :
Name of publisher, distributor, etc. Marcel Dekker,
Date of publication, distribution, etc. c2004.
300 ## - PHYSICAL DESCRIPTION
Extent xxi, 805 p. :
Other physical details ill. ;
Dimensions 29 cm.
500 ## - GENERAL NOTE
General note Previous ed. edited by Richard H. Engelmann and William H. Middendorf.
500 ## - GENERAL NOTE
General note Includes bibliographical references and index.
650 #0 - SUBJECT ADDED ENTRY--TOPICAL TERM
Topical term or geographic name entry element Electric motors
Form subdivision Handbooks, manuals, etc.
9 (RLIN) 55837
650 #0 - SUBJECT ADDED ENTRY--TOPICAL TERM
Topical term or geographic name entry element Electric driving
Form subdivision Handbooks, manuals, etc.
9 (RLIN) 55838
700 1# - ADDED ENTRY--PERSONAL NAME
Personal name Kliman, G. B.
9 (RLIN) 55839
856 42 - ELECTRONIC LOCATION AND ACCESS
Materials specified Book review (E-STREAMS)
Uniform Resource Identifier <a href="http://www.e-streams.com/es0712/es0712_3785.html">http://www.e-streams.com/es0712/es0712_3785.html</a>
856 42 - ELECTRONIC LOCATION AND ACCESS
Materials specified Publisher description
Uniform Resource Identifier <a href="http://www.loc.gov/catdir/enhancements/fy0647/2004275319-d.html">http://www.loc.gov/catdir/enhancements/fy0647/2004275319-d.html</a>
942 ## - ADDED ENTRY ELEMENTS (KOHA)
Source of classification or shelving scheme
Koha item type Reference
Holdings
Withdrawn status Lost status Source of classification or shelving scheme Damaged status Not for loan Permanent Location Current Location Shelving location Date acquired Total Checkouts Full call number Barcode Date last seen Price effective from Koha item type
          College of Electrical & Mechanical Engineering (CEME) College of Electrical & Mechanical Engineering (CEME) Reference 02/23/2017   621.462 HAN CEME-40104 06/28/2021 06/28/2021 Book
© 2023 Central Library, National University of Sciences and Technology. All Rights Reserved.